| Tag |
First Indicator |
Second Indicator |
Subfields |
| LEADER |
00000cam a22000008i 4500 |
| 001 |
in00004771365 |
| 006 |
m o d |
| 007 |
cr ||||||||||| |
| 008 |
200616s2020 enk ob 001 0 eng |
| 005 |
20240206230852.7 |
| 010 |
|
|
|a 2020027566
|
| 035 |
|
|
|a (OCoLC)on1163936360
|
| 040 |
|
|
|a DLC
|b eng
|e rda
|c DLC
|d OCLCO
|d OCLCF
|d CAMBR
|d GZM
|d OCLCQ
|d OCLCO
|d DLC
|
| 020 |
|
|
|a 9781108641142
|q (epub)
|
| 020 |
|
|
|a 1108641148
|
| 020 |
|
|
|z 9781108485753
|q (hardback)
|
| 020 |
|
|
|z 9781108724500
|q (paperback)
|
| 035 |
|
|
|a (OCoLC)1163936360
|
| 042 |
|
|
|a pcc
|
| 050 |
0 |
0 |
|a P40.5.L357
|
| 082 |
0 |
0 |
|a 306.44
|2 23
|
| 049 |
|
|
|a TXAM
|
| 245 |
0 |
0 |
|a Revitalizing endangered languages :
|b a practical guide /
|c edited by Justyna Olko, University of Warsaw ; Julia Sallabank. School of Oriental and African Studies, University of London.
|
| 263 |
|
|
|a 2012
|
| 264 |
|
1 |
|a Cambridge ;
|a New York :
|b Cambridge University Press,
|c 2020.
|
| 300 |
|
|
|a 1 online resource
|
| 336 |
|
|
|a text
|b txt
|2 rdacontent
|
| 337 |
|
|
|a computer
|b c
|2 rdamedia
|
| 338 |
|
|
|a online resource
|b cr
|2 rdacarrier
|
| 504 |
|
|
|a Includes bibliographical references and index.
|
| 520 |
|
|
|a "Of the approximately 7,000 languages in the world, at least half may no longer be spoken by the end of the twenty-first century. Languages are endangered by a number of factors, including globalization, education policies, and the political, economic, and cultural marginalization of minority groups. This guidebook provides ideas and strategies, as well as some background, to help with the effective revitalization of endangered languages. It covers a broad scope of themes including effective planning, benefits, well-being, economic aspects, attitudes, and ideologies. The chapter authors have hands-on experience of language revitalization in many countries around the world, and each chapter includes a wealth of examples, such as case studies from specific languages and language areas. Clearly and accessibly written, it is suitable for non-specialists as well as academic researchers and students interested in language revitalization. This book is also available as Open Access on Cambridge Core"--
|c Provided by publisher
|
| 588 |
0 |
|
|a Print version record and CIP data provided by publisher; resource not viewed.
|
| 650 |
|
0 |
|a Language revival.
|
| 650 |
|
0 |
|a Language maintenance.
|
| 650 |
|
0 |
|a Language policy.
|
| 650 |
|
0 |
|a Language revival
|v Case studies.
|
| 650 |
|
0 |
|a Endangered languages
|v Case studies.
|
| 650 |
|
6 |
|a Langage et langues
|x Renouveau.
|
| 650 |
|
6 |
|a Langage et langues
|x Renouveau
|v Études de cas.
|
| 650 |
|
6 |
|a Langues menacées
|v Études de cas.
|
| 650 |
|
7 |
|a Endangered languages
|2 fast
|0 (OCoLC)fst01738357
|
| 650 |
|
7 |
|a Language maintenance
|2 fast
|0 (OCoLC)fst00992395
|
| 650 |
|
7 |
|a Language policy
|2 fast
|0 (OCoLC)fst00992402
|
| 650 |
|
7 |
|a Language revival
|2 fast
|0 (OCoLC)fst00992415
|
| 655 |
|
7 |
|a Electronic books.
|2 local
|
| 655 |
|
7 |
|a Case studies
|2 fast
|0 (OCoLC)fst01423765
|
| 700 |
1 |
|
|a Olko, Justyna,
|e editor.
|
| 700 |
1 |
|
|a Sallabank, Julia,
|e editor.
|
| 710 |
2 |
|
|a Cambridge University Press.
|
| 776 |
0 |
8 |
|i Print version:
|t Revitalizing endangered languages.
|d Cambridge ; New York : Cambridge University Press, 2020
|z 9781108485753
|w (DLC) 2020027565
|
| 856 |
4 |
0 |
|u https://doi.org/10.1017/9781108641142
|z Connect to the full text of this electronic book
|t 0
|
| 955 |
|
|
|a Cambridge Open Access ebooks
|
| 994 |
|
|
|a 92
|b TXA
|
| 999 |
f |
f |
|s eb166ea1-1f05-45d7-8473-032f98ec8b9b
|i 51871590-d439-4d91-8e67-608721f36c8b
|t 0
|
| 952 |
f |
f |
|a Texas A&M University
|b College Station
|c Electronic Resources
|d Available Online
|t 0
|e P40.5.L357
|h Library of Congress classification
|
| 998 |
f |
f |
|a P40.5.L357
|t 0
|l Available Online
|